01447nam a2200349Ia 4500001001200000003000800012006001900020007001500039008004100054010001700095020001500112040002100127035002100148050002400169082001800193100002400211245018000235260004100415300001500456490003900471504004100510533015200551650003500703650006100738650003900799655002900838700003000867710001700897830004000914856012600954999001701080ebr10091276CaPaEBRm u cr cn|||||||||050831s2005 dcu sb 000 0 eng d z 2005044584 z0821364359 aCaPaEBRcCaPaEBR a(OCoLC)13316711814aKPM850b.C36 2005eb04a346.599022221 aCampos, J. Edgardo.10aManaging the politics of reformh[electronic resource] :boverhauling the legal infrastructure of public procurement in the Philippines /cJ. Edgardo Campos, Jose Luis Syquia. aWashington, DC :bWorld Bank,c2005. avii, 52 p.1 aWorld Bank working paper ;vno. 70 aIncludes bibliographical references. aElectronic reproduction.bPalo Alto, Calif. :cebrary,d2009.nAvailable via World Wide Web.nAccess may be limited to ebrary affiliated libraries. 0aPublic contractszPhilippines. 0aGovernment purchasingxLaw and legislationzPhilippines. 0aLetting of contractszPhilippines. 7aElectronic books.2local1 aSyquia, Jose Luis,d1972-2 aebrary, Inc. 0aWorld Bank working paper ;vno. 70.40uhttp://site.ebrary.com/lib/rucke/Doc?id=10091276zAn electronic book accessible through the World Wide Web; click to view c53239d53239